[Event "Grenzturnering Basis 2015-16"]
[Site "Oster Hojst"]
[Date "2015.10.20"]
[Round "1"]
[White "Heremic, Adis"]
[Black "Eis, Harald"]
[Result "0-1"]
[WhiteElo "1257"]
[BlackElo "1476"]
[PlyCount "88"]
[EventDate "2015.??.??"]

1. e4 b6 2. d4 Bb7 3. Nc3 Nf6 4. Bd3 e6 5. a3 g6 6. Bg5 Be7 7. Nf3 Nc6 8. Qd2
O-O 9. Bh4 Nxe4 10. Nxe4 Bxh4 11. Qh6 f5 12. Neg5 Bxg5 13. Nxg5 Qe7 14. c3 Qg7
15. Qxg7+ Kxg7 16. h4 h6 17. Nf3 Rae8 18. O-O-O e5 19. dxe5 Nxe5 20. Nxe5 Rxe5
21. Bf1 Bc6 22. h5 g5 23. Rh2 Rfe8 24. Bd3 Ba4 25. Bc2 Bxc2 26. Rxd7+ R8e7 27.
Rxe7+ Rxe7 28. Kxc2 Re2+ 29. Kc1 Rxf2 30. b3 f4 31. Kd1 f3 32. Ke1 Rc2 33. c4
fxg2 34. Rxg2 Rxg2 35. b4 Rc2 36. c5 g4 37. cxb6 cxb6 38. Kf1 Rh2 39. Kg1 Rxh5
40. Kg2 Rf5 41. Kg3 h5 42. Kh4 Kg6 43. a4 Rf3 44. a5 Rh3# 0-1

[Event "Grenzturnering Basis 2015-16"]
[Site "Oster Hojst"]
[Date "2015.10.20"]
[Round "1"]
[White "Jensen, Scot Wolfgang"]
[Black "Maas, Ralf"]
[Result "1/2-1/2"]
[WhiteElo "1505"]
[BlackElo "1268"]
[PlyCount "64"]
[EventDate "2015.??.??"]

1. e4 e6 2. Nc3 d5 3. exd5 exd5 4. Qf3 Nf6 5. d4 Nc6 6. Be3 Bg4 7. Qg3 Qd6 8.
Qxd6 Bxd6 9. Nb5 O-O-O 10. f3 Rhe8 11. Kf2 Bd7 12. c3 Re6 13. Bd3 Rde8 14. Bd2
a6 15. Nxd6+ Rxd6 16. Ne2 Ne7 17. g4 h6 18. Rae1 Ng6 19. h4 Bb5 20. Bxb5 axb5
21. h5 Ne7 22. Ng3 Re6 23. Rxe6 fxe6 24. Bf4 Rf8 25. Ke3 Ne8 26. Be5 Nc6 27.
Bf4 Nd6 28. b3 Kd7 29. Ne2 Re8 30. Be5 Nxe5 31. dxe5 Nf7 32. f4 c5 1/2-1/2

[Event "Grenzturnering Basis 2015-16"]
[Site "Oster Hojst"]
[Date "2015.10.20"]
[Round "1"]
[White "Kristensen, Karl Martin"]
[Black "Jensen, Jens Peter"]
[Result "0-1"]
[WhiteElo "1439"]
[BlackElo "1341"]
[PlyCount "52"]
[EventDate "2015.??.??"]

1. e4 e5 2. Nf3 d6 3. Bb5+ c6 4. Ba4 Be7 5. c4 Bg4 6. Nc3 Nf6 7. d3 h6 8. Be3
O-O 9. O-O d5 10. h3 Bxf3 11. Qxf3 d4 12. Bd2 dxc3 13. Bxc3 Bd6 14. b4 Nbd7 15.
Rad1 Qe7 16. c5 Bc7 17. Bc2 a5 18. a3 b6 19. d4 Nh7 20. d5 Ng5 21. Qe3 bxc5 22.
dxc6 Nf6 23. b5 Rfd8 24. h4 Ne6 25. a4 Nf4 26. Rb1 Ng4 0-1

[Event "Grenzturnering Basis 2015-16"]
[Site "Oster Hojst"]
[Date "2015.10.20"]
[Round "1"]
[White "Moller, Carl Aage Vincent"]
[Black "Sorensen, Helge"]
[Result "0-1"]
[WhiteElo "1041"]
[BlackElo "1577"]
[PlyCount "68"]
[EventDate "2015.??.??"]

1. e4 c5 2. d3 g6 3. Nf3 Bg7 4. c3 d5 5. Be3 b6 6. Nbd2 Bb7 7. Be2 Nf6 8. e5
Ng4 9. Bf4 Nc6 10. d4 O-O 11. h3 Nh6 12. Ng5 cxd4 13. Ndf3 dxc3 14. bxc3 Qc7
15. Rc1 Nxe5 16. Nxe5 Bxe5 17. Qd2 Bxf4 18. Qc2 Bxg5 19. Rd1 Rac8 20. Rd3 Bf6
21. O-O d4 22. f3 dxc3 23. Rfd1 Rfd8 24. Re3 Rxd1+ 25. Bxd1 Bd4 26. Qc1 Nf5 27.
Kf2 Bxe3+ 28. Qxe3 Nxe3 29. Kxe3 c2 30. Bxc2 Qxc2 31. g4 Rc3+ 32. Kf4 Rxf3+ 33.
Kg5 f6+ 34. Kh4 Qf2# 0-1

[Event "Grenzturnering Basis 2015-16"]
[Site "Oster Hojst"]
[Date "2015.10.20"]
[Round "1"]
[White "Svendsen, Gunnar Lind Hasse"]
[Black "Madsen, Nis H"]
[Result "1/2-1/2"]
[WhiteElo "1534"]
[BlackElo "1342"]
[PlyCount "66"]
[EventDate "2015.??.??"]

1. c4 b6 2. d4 e6 3. e4 Bb7 4. d5 exd5 5. exd5 Nf6 6. Nf3 d6 7. Nc3 g6 8. Be2
Bg7 9. O-O O-O 10. Bg5 Nbd7 11. Re1 Re8 12. Bd3 Qc8 13. Qd2 c6 14. Rxe8+ Qxe8
15. Re1 Qc8 16. dxc6 Qxc6 17. Bf1 a6 18. Nd4 Qc7 19. Bh6 Ne5 20. Bxg7 Kxg7 21.
b3 Re8 22. f4 Ned7 23. Rxe8 Nxe8 24. Qe3 Nef6 25. Be2 Nc5 26. Bf3 Bxf3 27. Nxf3
Qc6 28. Qd4 Ne6 29. Qd2 Qc5+ 30. Kh1 Ng4 31. Ne4 Qf5 32. Nxd6 Qxf4 33. Qxf4
Nxf4 1/2-1/2

[Event "Grenzturnering Basis 2015-16"]
[Site "Oster Hojst"]
[Date "2016.04.05"]
[Round "2"]
[White "Eis, Harald"]
[Black "Jensen, Scot Wolfgang"]
[Result "0-1"]
[WhiteElo "1476"]
[BlackElo "1505"]
[PlyCount "66"]
[EventDate "2015.??.??"]

1. e4 e5 2. Nf3 Nc6 3. Bb5 Bd6 4. d4 exd4 5. Nxd4 Qf6 6. Bxc6 dxc6 7. O-O Be5
8. c3 h5 9. f4 Bxd4+ 10. Qxd4 b6 11. e5 Qf5 12. Qc4 Bb7 13. Nd2 O-O-O 14. Nf3
Ne7 15. Nd4 Qe4 16. Qxf7 c5 17. Nf3 Nd5 18. Nh4 Kb8 19. Qf5 Qe2 20. Qh3 Ne7 21.
Qe3 Qg4 22. Qg3 Qe2 23. Re1 Qc2 24. Qf2 Qa4 25. b3 Qc6 26. Be3 Rhf8 27. Qg3 g6
28. c4 Nf5 29. Nxf5 gxf5 30. Qf3 Qh6 31. Qe2 Rg8 32. g3 h4 33. Bf2 Qc6 0-1

[Event "Grenzturnering Basis 2015-16"]
[Site "Flensburg"]
[Date "2015.11.17"]
[Round "2"]
[White "Jensen, Jens Peter"]
[Black "Madsen, Nis H"]
[Result "0-1"]
[WhiteElo "1341"]
[BlackElo "1342"]
[PlyCount "111"]
[EventDate "2015.??.??"]

1. e4 c5 2. Bc4 e6 3. Nf3 Nc6 4. d3 a6 5. a4 d5 6. exd5 exd5 7. Qe2+ Be7 8. Ba2
Nf6 9. Bg5 O-O 10. O-O Re8 11. Qd1 Nd4 12. Nbd2 Qb6 13. b3 h6 14. Be3 Nxf3+ 15.
Nxf3 d4 16. Bd2 Nd5 17. h3 Bd7 18. Ne5 Qc7 19. f4 Bd6 20. b4 Be6 21. bxc5 Bxe5
22. fxe5 Qxc5 23. Rb1 Nc3 24. Bxc3 dxc3+ 25. d4 Qc6 26. d5 Qc5+ 27. Kh1 Rad8
28. Rxb7 Rf8 29. Qf3 Bxd5 30. Bxd5 Qxd5 31. Qxd5 Rxd5 32. Re7 Rc5 33. Kh2 a5
34. Rd1 Rb8 35. Rdd7 Rf8 36. e6 Rf5 37. g4 Rf6 38. exf7+ R8xf7 39. Rxf7 Rxf7
40. Rxf7 Kxf7 41. Kg3 Ke6 42. Kf4 Kd5 43. Ke3 Kc4 44. Ke4 Kb4 45. Kd4 Kxa4 46.
Kxc3 Ka3 47. Kd3 a4 48. h4 Kb2 49. c4 a3 50. c5 a2 51. c6 a1=Q 52. Kc4 Qc1+ 53.
Kd5 Qf4 54. Kc5 Qxg4 55. c7 Qc8 56. Kd6 0-1

[Event "Grenzturnering Basis 2015-16"]
[Site "Oster Hojst"]
[Date "2015.12.08"]
[Round "2"]
[White "Kristensen, Karl Martin"]
[Black "Moller, Carl Aage Vincent"]
[Result "1-0"]
[WhiteElo "1439"]
[BlackElo "1041"]
[PlyCount "59"]
[EventDate "2015.??.??"]

1. c4 c5 2. Nc3 d6 3. d3 Nf6 4. e4 Nc6 5. h3 h6 6. Be2 g6 7. Bf4 Rg8 8. Bh2 Bd7
9. f4 Nh7 10. Nf3 Bg7 11. O-O a6 12. Qd2 Bf6 13. Rae1 Nd4 14. e5 Nxf3+ 15. Bxf3
Bh4 16. g3 Bxg3 17. Bxg3 Bxh3 18. Rf2 e6 19. Bxb7 Rb8 20. Bxa6 Qb6 21. Bb5+ Kf8
22. Rh2 Bf5 23. Rxh6 Kg7 24. Qh2 Nf8 25. Bh4 dxe5 26. fxe5 f6 27. Bxf6+ Kf7 28.
Rh7+ Nxh7 29. Qxh7+ Rg7 30. Qxg7# 1-0

[Event "Grenzturnering Basis 2015-16"]
[Site "Flensburg"]
[Date "2015.11.17"]
[Round "2"]
[White "Maas, Ralf"]
[Black "Svendsen, Gunnar Lind Hasse"]
[Result "0-1"]
[WhiteElo "1268"]
[BlackElo "1534"]
[PlyCount "52"]
[EventDate "2015.??.??"]

1. e4 c6 2. d4 d5 3. Nc3 dxe4 4. Nxe4 Bf5 5. Ng3 Bg6 6. Nf3 e6 7. Bd3 Bxd3 8.
Qxd3 Nf6 9. Bg5 Be7 10. O-O h6 11. Bxf6 Bxf6 12. Ne5 O-O 13. Rad1 Qc7 14. Rfe1
Na6 15. c3 Rad8 16. Nh5 Bxe5 17. Rxe5 Kh8 18. Qe3 Rd5 19. Rxd5 cxd5 20. Nf6 Qd8
21. Ng4 Kh7 22. Qd3+ g6 23. Re1 Nb8 24. Re5 Kg7 25. Qe3 Rh8 26. h3 Nd7 0-1

[Event "Grenzturnering Basis 2015-16"]
[Site "Flensburg"]
[Date "2015.11.17"]
[Round "2"]
[White "Sorensen, Helge"]
[Black "Heremic, Adis"]
[Result "1/2-1/2"]
[WhiteElo "1577"]
[BlackElo "1257"]
[PlyCount "81"]
[EventDate "2015.??.??"]

1. e4 e5 2. Nc3 Nf6 3. Nf3 d6 4. d4 exd4 5. Nxd4 h6 6. h3 Be7 7. Be3 a6 8. Qd2
Be6 9. Nxe6 fxe6 10. Bc4 Nxe4 11. Qd3 d5 12. Nxd5 exd5 13. Bxd5 Nd6 14. Qg6+
Kf8 15. O-O-O Qe8 16. Qg3 Qb5 17. Bd4 Bf6 18. Bxf6 gxf6 19. Qg6 Nd7 20. Rhe1
Ne5 21. Qxf6+ Nef7 22. Re7 Rh7 23. Rd3 Re8 24. Rxe8+ Qxe8 25. Re3 Qd8 26. Qf4
Qg5 27. Qxg5 Nxg5 28. f4 Ngf7 29. g4 Nd8 30. f5 Re7 31. Kd2 c6 32. Bb3 Rxe3 33.
Kxe3 Kg7 34. Kf4 Kf6 35. h4 c5 36. Bd5 b5 37. g5+ hxg5+ 38. hxg5+ Kg7 39. Ke5
N6f7+ 40. Kf4 Nd6 41. Ke5 1/2-1/2

[Event "Grenzturnering Basis 2015-16"]
[Site "Oster Hojst"]
[Date "2015.12.08"]
[Round "3"]
[White "Jensen, Scot Wolfgang"]
[Black "Sorensen, Helge"]
[Result "0-1"]
[WhiteElo "1505"]
[BlackElo "1577"]
[PlyCount "126"]
[EventDate "2015.??.??"]

1. e4 c5 2. Nc3 Nc6 3. Nf3 d6 4. h3 Nf6 5. d4 cxd4 6. Nxd4 g6 7. Bb5 Bd7 8.
Nxc6 bxc6 9. Bd3 Bg7 10. Qf3 Rb8 11. Rb1 O-O 12. Bd2 c5 13. Qe3 Bc6 14. f4 Nd7
15. Bc4 e6 16. b3 Nb6 17. Be2 f5 18. g3 Bd4 19. Qf3 Qf6 20. Rh2 Rbd8 21. h4 e5
22. Nd5 Nxd5 23. exd5 e4 24. Qg2 Bxd5 25. g4 Qe6 26. Qg3 Kh8 27. h5 e3 28. Ba5
Rd7 29. c3 Bg7 30. h6 Bf6 31. Rd1 Bc6 32. g5 Bd8 33. Bxd8 Rfxd8 34. Rh3 Re7 35.
c4 d5 36. cxd5 Rxd5 37. Bd3 Qd6 38. Qh2 Rxd3 39. Qb2+ Qd4 40. Qxd4+ Rxd4 41.
Rc1 Rd5 42. Rc3 e2 43. Rce3 Rd1+ 44. Kxe2 Rxe3+ 45. Rxe3 Rd4 46. Rc3 Bb5+ 47.
Ke3 Re4+ 48. Kf3 c4 49. Kg3 Kg8 50. a4 Ba6 51. b4 Kf7 52. Rc1 Ke6 53. Rd1 Re3+
54. Kf2 Rd3 55. Re1+ Kd7 56. b5 Bb7 57. Re5 Be4 58. Rc5 c3 59. a5 c2 60. b6
axb6 61. axb6 Rd2+ 62. Ke3 Rd1 63. b7 Rb1 0-1

[Event "Grenzturnering Basis 2015-16"]
[Site "Oster Hojst"]
[Date "2015.12.08"]
[Round "3"]
[White "Madsen, Nis H"]
[Black "Maas, Ralf"]
[Result "1/2-1/2"]
[WhiteElo "1342"]
[BlackElo "1268"]
[PlyCount "54"]
[EventDate "2015.??.??"]

1. e4 e5 2. Nf3 Nf6 3. Nc3 Nc6 4. Bc4 Bc5 5. d3 d6 6. Bg5 h6 7. Bh4 g5 8. Bg3
Na5 9. Bb3 Bg4 10. h3 Bh5 11. Nd5 Nxb3 12. axb3 Nxd5 13. exd5 f5 14. Qd2 Bxf3
15. gxf3 Qe7 16. O-O-O a5 17. f4 Kd7 18. fxe5 dxe5 19. Rde1 f4 20. Bh2 a4 21.
bxa4 Rxa4 22. Qe2 Ra1+ 23. Kd2 Bb4+ 24. c3 Bxc3+ 25. Kxc3 Qc5+ 26. Kd2 Qb4+ 27.
Kc2 Qc5+ 1/2-1/2

[Event "Grenzturnering Basis 2015-16"]
[Site "Oster Hojst"]
[Date "2015.12.08"]
[Round "3"]
[White "Moller, Carl Aage Vincent"]
[Black "Jensen, Jens Peter"]
[Result "0-1"]
[WhiteElo "1041"]
[BlackElo "1341"]
[PlyCount "42"]
[EventDate "2015.??.??"]

1. d4 d5 2. e3 e6 3. Nc3 a6 4. a3 Be7 5. Nf3 Nc6 6. Bd2 Bf6 7. Bc1 Nge7 8. e4
e5 9. Be3 Bg4 10. Be2 O-O 11. h3 Bxf3 12. Bxf3 exd4 13. exd5 dxe3 14. dxc6
exf2+ 15. Kxf2 Bd4+ 16. Kf1 Nxc6 17. Ne2 Qf6 18. c3 Bb6 19. Ke1 Rad8 20. Qc2
Ne5 21. Bxb7 Qf2# 0-1

[Event "Grenzturnering Basis 2015-16"]
[Site "Oster Hojst"]
[Date "2016.05.17"]
[Round "3"]
[White "Svendsen, Gunnar Lind Hasse"]
[Black "Eis, Harald"]
[Result "1-0"]
[WhiteElo "1534"]
[BlackElo "1476"]
[PlyCount "63"]
[EventDate "2015.??.??"]

1. c4 g6 2. g3 Bg7 3. Nc3 Nf6 4. Bg2 O-O 5. d4 c6 6. e4 d6 7. Nge2 e6 8. O-O d5
9. e5 Nfd7 10. b3 dxc4 11. bxc4 c5 12. f4 Na6 13. d5 Rb8 14. Nb5 Nb6 15. Nd6 f6
16. Bb2 Nc7 17. Qb3 exd5 18. cxd5 fxe5 19. Bxe5 Bxe5 20. fxe5 Rxf1+ 21. Rxf1
Ne8 22. Nxc8 Qxc8 23. d6+ c4 24. Qb4 Qe6 25. Qc5 Nd7 26. Qd5 Ng7 27. Nd4 Qxd5
28. Bxd5+ Kh8 29. e6 Nb6 30. e7 Ne8 31. Rf8+ Kg7 32. Be6 1-0

[Event "Grenzturnering Basis 2015-16"]
[Site "Tonder"]
[Date "2016.01.11"]
[Round "4"]
[White "Eis, Harald"]
[Black "Madsen, Nis H"]
[Result "0-1"]
[WhiteElo "1476"]
[BlackElo "1342"]
[PlyCount "100"]
[EventDate "2015.??.??"]

1. e4 e5 2. Nf3 Nc6 3. Bb5 d6 4. O-O Nf6 5. d3 Be7 6. Bg5 O-O 7. Bxf6 Bxf6 8.
c3 Bg4 9. Nbd2 Ne7 10. Qc2 Bxf3 11. Nxf3 c6 12. Ba4 b5 13. Bb3 a5 14. a4 Qb6
15. Qe2 Ng6 16. g3 Ne7 17. Qe3 Qc7 18. Rfd1 Rfd8 19. Bc2 d5 20. d4 exd4 21.
Nxd4 Bxd4 22. Rxd4 c5 23. Rdd1 d4 24. Qf3 dxc3 25. Qxc3 b4 26. Qc4 Ng6 27. f4
Ne7 28. Rxd8+ Rxd8 29. Rd1 Rxd1+ 30. Bxd1 Qd6 31. Be2 Nc6 32. Qa6 g6 33. Qd3
Nd4 34. Kf2 Qb6 35. Qa6 Qd8 36. Qc4 Qc8 37. Kg2 Qc6 38. Bd3 Kf8 39. b3 f5 40.
Qd5 Qxd5 41. exd5 Nxb3 42. h3 Ke7 43. g4 fxg4 44. hxg4 Nd4 45. Kf2 b3 46. Ke3
b2 47. Bb1 Kd6 48. Ke4 Ne2 49. Kd3 Nxf4+ 50. Ke4 Nxd5 0-1

[Event "Grenzturnering Basis 2015-16"]
[Site "Tonder"]
[Date "2016.01.11"]
[Round "4"]
[White "Jensen, Jens Peter"]
[Black "Maas, Ralf"]
[Result "0-1"]
[WhiteElo "1341"]
[BlackElo "1268"]
[PlyCount "90"]
[EventDate "2015.??.??"]

1. e4 e6 2. Bc4 d5 3. exd5 exd5 4. Bb3 Nf6 5. f3 Bc5 6. d3 Nc6 7. Bg5 Bd7 8.
Bxd5 O-O 9. c3 Qe8+ 10. Be4 Nxe4 11. dxe4 Be7 12. Bxe7 Qxe7 13. Ne2 Rad8 14.
O-O Bh3 15. Qe1 Qg5 16. Ng3 Be6 17. Na3 Qd2 18. Rf2 Qxe1+ 19. Rxe1 Bxa2 20. Nb5
Ne5 21. Ra1 Bc4 22. Nd4 a6 23. b3 Bb5 24. Ngf5 Ng6 25. f4 Bd3 26. Re1 Rfe8 27.
e5 Bxf5 28. Nxf5 f6 29. e6 Rd3 30. Re3 Rd1+ 31. Rf1 Rxf1+ 32. Kxf1 Nxf4 33. Nd4
c5 34. Ne2 Rxe6 35. Rxe6 Nxe6 36. Nc1 Kf7 37. Nd3 Ke7 38. Ke2 Kd6 39. h3 g5 40.
g3 h5 41. Nf2 b5 42. Ne4+ Ke5 43. Nd2 Kd5 44. Ke3 f5 45. c4+ Kc6 0-1

[Event "Grenzturnering Basis 2015-16"]
[Site "Tonder"]
[Date "2016.01.11"]
[Round "4"]
[White "Kristensen, Karl Martin"]
[Black "Jensen, Scot Wolfgang"]
[Result "0-1"]
[WhiteElo "1439"]
[BlackElo "1505"]
[PlyCount "74"]
[EventDate "2015.??.??"]

1. c4 e5 2. Nc3 c6 3. Nf3 d6 4. d4 exd4 5. Nxd4 g6 6. e4 Bg7 7. f4 Na6 8. a3 h5
9. g3 Nf6 10. h3 Qe7 11. Bg2 Nc5 12. O-O Nfxe4 13. Nxe4 Nxe4 14. Bxe4 Qxe4 15.
Re1 Bxd4+ 16. Kh2 Qxe1 17. Qxe1+ Be6 18. Qb4 O-O 19. Bd2 Rad8 20. Bc3 Bc5 21.
Qxb7 Bxc4 22. Qxc6 Rc8 23. Qf3 d5 24. Rd1 Rfe8 25. Be5 Bb6 26. Rd2 Bd8 27. Qc3
Bb6 28. Bh8 d4 29. Bxd4 Ba6 30. Qb4 Re4 31. Qa4 Bb7 32. Qd7 Bc7 33. Rc2 Re1 34.
Bg1 Rxg1 35. Kxg1 Bb6+ 36. Rf2 Rc1+ 37. Kh2 Rh1# 0-1

[Event "Grenzturnering Basis 2015-16"]
[Site "Tonder"]
[Date "2016.01.11"]
[Round "4"]
[White "Moller, Carl Aage Vincent"]
[Black "Heremic, Adis"]
[Result "0-1"]
[WhiteElo "1041"]
[BlackElo "1257"]
[PlyCount "90"]
[EventDate "2015.??.??"]

1. d4 Nf6 2. Nf3 g6 3. c4 d6 4. Nc3 Bg7 5. g3 O-O 6. Bg2 c6 7. a3 Re8 8. Bf4
Bd7 9. O-O Qc8 10. Nh4 Nh5 11. e3 e5 12. Bg5 f6 13. Bxf6 Nxf6 14. Nf3 exd4 15.
Nxd4 Bh3 16. Qf3 Bxg2 17. Qxg2 Nbd7 18. Rad1 Ne5 19. Ne4 Nxe4 20. Qxe4 Nxc4 21.
Qc2 Ne5 22. f4 Ng4 23. Rd3 Nxe3 24. Qb3+ d5 25. Rxe3 Bxd4 26. Rfe1 Rxe3 27.
Rxe3 Qe6 28. Kf2 Re8 29. Ke2 Qxe3+ 30. Qxe3 Rxe3+ 31. Kd2 Kf7 32. Kc2 Ke6 33.
Kb1 Rb3 34. Kc2 Rxb2+ 35. Kd3 Bc5 36. h4 Rb3+ 37. Ke2 Rxg3 38. a4 Kf5 39. h5
Ke4 40. hxg6 hxg6 41. f5 gxf5 42. a5 Rg2+ 43. Kf1 Kf3 44. a6 Ra2 45. axb7 Ra1#
0-1

[Event "Grenzturnering Basis 2015-16"]
[Site "Leck"]
[Date "2016.02.09"]
[Round "5"]
[White "Heremic, Adis"]
[Black "Jensen, Jens Peter"]
[Result "1-0"]
[WhiteElo "1257"]
[BlackElo "1341"]
[PlyCount "67"]
[EventDate "2015.??.??"]

1. e4 e5 2. Nf3 d6 3. d4 exd4 4. Nxd4 Be7 5. Bc4 Nf6 6. Nc3 O-O 7. Bf4 h6 8.
O-O a6 9. Qd2 Kh7 10. Bd3 Nh5 11. h3 Nxf4 12. Qxf4 Bg5 13. Qf3 c5 14. Nde2 Nc6
15. Ng3 Ne5 16. Qe2 Be6 17. Qe1 Bh4 18. Qe3 Qc8 19. Nf5 Bxf5 20. exf5 Nxd3 21.
Qxd3 Bf6 22. Rfe1 Bxc3 23. bxc3 c4 24. Qd5 Qc7 25. Re4 b5 26. Qd2 Rfe8 27. Rh4
Re5 28. f6 g5 29. Rd4 Re6 30. h4 gxh4 31. Rxh4 Rxf6 32. Qd4 Qe7 33. Re4 Qf8 34.
Qxf6 1-0

[Event "Grenzturnering Basis 2015-16"]
[Site "Leck"]
[Date "2016.02.09"]
[Round "5"]
[White "Jensen, Scot Wolfgang"]
[Black "Moller, Carl Aage Vincent"]
[Result "1-0"]
[WhiteElo "1505"]
[BlackElo "1041"]
[PlyCount "95"]
[EventDate "2015.??.??"]

1. e4 e5 2. Nc3 d6 3. d4 Nc6 4. d5 Nd4 5. h3 a6 6. Nf3 h6 7. Nxd4 exd4 8. Qxd4
Nf6 9. f4 Nh7 10. g3 Bd7 11. Be3 Qe7 12. O-O-O Rb8 13. Bg2 Rg8 14. Rhe1 g6 15.
Bf2 f6 16. Qa7 Rc8 17. Qxb7 a5 18. Qa6 Bg7 19. Bd4 Kf7 20. g4 Ra8 21. Qf1 a4
22. f5 g5 23. Qf2 a3 24. b3 Rge8 25. h4 Ra5 26. h5 Nf8 27. Rd3 Bb5 28. Nxb5
Rxb5 29. Rc3 Rb7 30. Rc6 Nd7 31. Qg3 Ne5 32. Bxe5 fxe5 33. Qc3 Kf6 34. Re3 Rc8
35. Bf1 Rb6 36. Rxb6 Qd7 37. Rc6 Bf8 38. Qa5 Qd8 39. Rec3 Ra8 40. Qxc7 Qxc7 41.
Rxc7 Be7 42. Rc8 Ra7 43. Rh8 Kg7 44. Rcc8 Bf6 45. Rcg8+ Kf7 46. Rh7+ Bg7 47.
Rgxg7+ Kf6 48. Rg6# 1-0

[Event "Grenzturnering Basis 2015-16"]
[Site "Leck"]
[Date "2016.02.09"]
[Round "5"]
[White "Maas, Ralf"]
[Black "Eis, Harald"]
[Result "1/2-1/2"]
[WhiteElo "1268"]
[BlackElo "1476"]
[PlyCount "85"]
[EventDate "2015.??.??"]

1. e4 b6 2. d4 Bb7 3. Nc3 g6 4. Be3 Bg7 5. f3 e5 6. d5 d6 7. Qd2 Nf6 8. O-O-O
O-O 9. Bh6 Kh8 10. Bxg7+ Kxg7 11. h4 Nh5 12. g4 Nf4 13. Nge2 Nxe2+ 14. Bxe2 Qf6
15. Kb1 Nd7 16. g5 Qe7 17. Rdg1 Nc5 18. h5 a6 19. Bf1 b5 20. Qh2 Rh8 21. a3 Bc8
22. hxg6 fxg6 23. Bh3 Bd7 24. Bxd7 Nxd7 25. b4 Nb6 26. Qe2 Qd7 27. Nd1 c6 28.
Nc3 cxd5 29. Nxd5 Nxd5 30. exd5 Rac8 31. Rc1 Qf5 32. Rhg1 Rc3 33. Kb2 Qxf3 34.
Qxf3 Rxf3 35. Rcf1 Rhf8 36. Rxf3 Rxf3 37. Rg4 h6 38. gxh6+ Kxh6 39. c4 Kh5 40.
Re4 Rf4 41. Rxf4 exf4 42. c5 f3 43. cxd6 1/2-1/2

[Event "Grenzturnering Basis 2015-16"]
[Site "Leck"]
[Date "2016.02.08"]
[Round "5"]
[White "Madsen, Nis H"]
[Black "Sorensen, Helge"]
[Result "0-1"]
[WhiteElo "1342"]
[BlackElo "1577"]
[PlyCount "70"]
[EventDate "2015.??.??"]

1. e4 c5 2. Nf3 d6 3. d4 cxd4 4. Nxd4 Nf6 5. Bg5 Nxe4 6. Bh4 Nc6 7. Bb5 Bd7 8.
Nc3 Nxc3 9. bxc3 a6 10. Bd3 Qa5 11. Ne2 g6 12. O-O Bg7 13. Qe1 O-O 14. Bg3 Rac8
15. Rb1 b5 16. Nd4 Rfe8 17. Nxc6 Bxc6 18. c4 Qxa2 19. cxb5 Bxb5 20. Bxb5 axb5
21. Rxb5 Qxc2 22. Rb7 e5 23. Qb4 Qc5 24. Qb3 Qc4 25. Qxc4 Rxc4 26. Rd7 Rd4 27.
f3 Rd2 28. h3 Bh6 29. Bf2 d5 30. Rb1 e4 31. Rbb7 Rc8 32. Rb1 Rcc2 33. Rf1 Be3
34. Bxe3 Rxg2+ 35. Kh1 Rh2+ 0-1

[Event "Grenzturnering Basis 2015-16"]
[Site "Leck"]
[Date "2016.02.09"]
[Round "5"]
[White "Svendsen, Gunnar Lind Hasse"]
[Black "Kristensen, Karl Martin"]
[Result "1-0"]
[WhiteElo "1534"]
[BlackElo "1439"]
[PlyCount "85"]
[EventDate "2015.??.??"]

1. d4 d6 2. c4 Nc6 3. Nf3 g6 4. Nc3 Bg7 5. e3 e5 6. d5 Nce7 7. Be2 f5 8. Qc2 e4
9. Nd4 a6 10. b3 h5 11. Bb2 Kf7 12. O-O Bh6 13. Nd1 Bg7 14. f3 Nf6 15. fxe4
Nxe4 16. Qxe4 Kg8 17. Qc2 Kh7 18. Bd3 Rf8 19. Rf3 Be5 20. Nf2 c5 21. Ne2 Ng8
22. Rf1 Qf6 23. Nd1 Nh6 24. e4 Ng4 25. g3 Qg5 26. Bc1 Qf6 27. exf5 Bd4+ 28. Kh1
g5 29. Nxd4 cxd4 30. Qd2 Rg8 31. Bb2 b5 32. Bb1 Bd7 33. Bxd4 Ne5 34. Bxe5 Qxe5
35. f6+ Kh6 36. f7 Rgf8 37. Rf6+ Kg7 38. Rg6+ Kh8 39. Rff6 Rac8 40. Rh6+ Kg7
41. Rhg6+ Kh8 42. Qf2 bxc4 43. Rh6+ 1-0

[Event "Grenzturnering Basis 2015-16"]
[Site "Flensburg"]
[Date "2016.03.08"]
[Round "6"]
[White "Heremic, Adis"]
[Black "Jensen, Scot Wolfgang"]
[Result "0-1"]
[WhiteElo "1257"]
[BlackElo "1505"]
[PlyCount "114"]
[EventDate "2015.??.??"]

1. d4 d5 2. c4 Nf6 3. cxd5 Nxd5 4. e4 Nb6 5. Nf3 Bg4 6. Be2 e6 7. a3 a6 8. Nc3
Be7 9. Be3 O-O 10. O-O N8d7 11. Nd2 Bxe2 12. Qxe2 Nf6 13. Qf3 Rc8 14. Qg3 Nh5
15. Qg4 g6 16. b3 Nd7 17. Nf3 f5 18. exf5 exf5 19. Qh3 Ndf6 20. Bg5 Ng4 21.
Bxe7 Qxe7 22. Qh4 Qxh4 23. Nxh4 Nhf6 24. h3 Nh6 25. Rfe1 Rfe8 26. Re5 Rcd8 27.
Nf3 Nf7 28. Rxe8+ Rxe8 29. Re1 Rxe1+ 30. Nxe1 Nd6 31. Nd3 Nde4 32. Nxe4 Nxe4
33. Nc5 Nxc5 34. dxc5 Kf7 35. f4 Ke6 36. Kf2 Kd5 37. b4 Kc4 38. Ke3 b6 39. cxb6
cxb6 40. g3 a5 41. bxa5 bxa5 42. g4 Kb3 43. gxf5 gxf5 44. Kd4 a4 45. Ke5 Kxa3
46. Kxf5 Kb3 47. Kf6 a3 48. Kg7 a2 49. Kxh7 a1=Q 50. Kg6 Qg1+ 51. Kh5 Kc4 52.
h4 Kd5 53. Kh6 Ke6 54. f5+ Kxf5 55. h5 Kf6 56. Kh7 Kf7 57. h6 Qg8# 0-1

[Event "Grenzturnering Basis 2015-16"]
[Site "Flensburg"]
[Date "2016.03.08"]
[Round "6"]
[White "Jensen, Jens Peter"]
[Black "Eis, Harald"]
[Result "1-0"]
[WhiteElo "1341"]
[BlackElo "1476"]
[PlyCount "104"]
[EventDate "2015.??.??"]

1. e4 b6 2. d3 Bb7 3. Nc3 g6 4. Nf3 Bg7 5. Bd2 Nf6 6. Be2 O-O 7. O-O d5 8. exd5
Nxd5 9. Nxd5 Bxd5 10. Bc3 c5 11. Bxg7 Kxg7 12. c4 Bb7 13. b3 Nc6 14. Qd2 e5 15.
Qc3 Nd4 16. Nxd4 Qxd4 17. Qxd4 exd4 18. Rae1 Rfe8 19. Bg4 Bc6 20. f4 Rad8 21.
a3 f5 22. Bf3 Rxe1 23. Rxe1 Re8 24. Rxe8 Bxe8 25. a4 h6 26. h4 Kf6 27. Kf2 g5
28. g3 g4 29. Be2 a6 30. Ke1 b5 31. axb5 axb5 32. cxb5 Bxb5 33. Kd2 Ke6 34. Kc2
Kd6 35. Kb2 Bc6 36. Ka3 Kd5 37. b4 c4 38. dxc4+ Kd6 39. Kb3 Be4 40. c5+ Kd5 41.
Bc4+ Kc6 42. Kb2 Bd5 43. Bd3 Bf3 44. Bxf5 Kd5 45. Bd3 Kc6 46. Kb3 Bd5+ 47. Bc4
Be4 48. Kb2 Bf5 49. Kc1 Bd7 50. Kd2 Bf5 51. Bd3 Be6 52. Be4+ Bd5 1-0

[Event "Grenzturnering Basis 2015-16"]
[Site "Flensburg"]
[Date "2016.03.08"]
[Round "6"]
[White "Kristensen, Karl Martin"]
[Black "Madsen, Nis H"]
[Result "1/2-1/2"]
[WhiteElo "1439"]
[BlackElo "1342"]
[PlyCount "93"]
[EventDate "2015.??.??"]

1. e4 e5 2. Nf3 Nc6 3. Bb5 d6 4. Bxc6+ bxc6 5. c4 Nf6 6. d3 Bg4 7. Nc3 Be7 8.
Be3 c5 9. h3 Bh5 10. g4 Bg6 11. Nh4 Nxe4 12. Nxg6 Nxc3 13. bxc3 fxg6 14. Qa4+
Qd7 15. Qxd7+ Kxd7 16. Rb1 Rhf8 17. Ke2 Bh4 18. Rb3 Rab8 19. Rhb1 Rb6 20. a4
Rfb8 21. Rxb6 cxb6 22. a5 Kc6 23. a6 d5 24. d4 exd4 25. cxd4 cxd4 26. Bxd4 Re8+
27. Kd3 dxc4+ 28. Kxc4 Re4 29. Kd3 Re7 30. Be3 Kd5 31. Rc1 Rf7 32. Ke2 Re7 33.
Rc8 Bg5 34. Rb8 Bxe3 35. fxe3 Kc6 36. Kd3 h5 37. e4 b5 38. g5 Rd7+ 39. Kc3 Rc7
40. h4 Kd7+ 41. Kd4 Rc4+ 42. Kd5 Ra4 43. Rxb5 Rxa6 44. Rb7+ Ke8 45. Rxg7 Ra5+
46. Kd4 Ra4+ 47. Kd5 1/2-1/2

[Event "Grenzturnering Basis 2015-16"]
[Site "Flensburg"]
[Date "2016.03.08"]
[Round "6"]
[White "Moller, Carl Aage Vincent"]
[Black "Svendsen, Gunnar Lind Hasse"]
[Result "0-1"]
[WhiteElo "1041"]
[BlackElo "1534"]
[PlyCount "34"]
[EventDate "2015.??.??"]

1. e4 c6 2. d4 d5 3. e5 Bf5 4. Nf3 e6 5. Be2 Nd7 6. Nbd2 c5 7. dxc5 Bxc5 8. Nb3
Bb6 9. Bg5 Qc7 10. O-O Nxe5 11. Bf4 Nxf3+ 12. Bxf3 Qxf4 13. Nd2 Ne7 14. c3 O-O
15. a4 Rfd8 16. a5 Bc7 17. Ra4 Qxh2# 0-1